00485nam a22001937a 450000500170000001000150001702000110003203500140004303700100005708200080006710000210007524500450009625000060014126000340014727000540018130000200023570000300025576000060028520250317125556.0 aENG-144087 c260.00 aEN-127619 bDBAD  a921 aUdhoji, Sharvari aDr. A.P.J. Abdul Kalam/cSharvari Udhoji a1 aNagpurbLakhe Prakashanc2023 aMukundraj Path, MahalbNagpure440032k9423616891 a128p.c22cm(pb) aLimaye, SmitaeTranslator b1